000 00489nam a2200181 4500
003 DO-SdBNP
005 20180215151240.0
008 170112b2002 ck||||| |||| 00| 0 spa d
020 _a9589630758
040 _aBPMSU
_bspa
_cBPMSU
100 _aChericián, David
245 _aDindorindorolindo /
_cDavid Chericián
260 _aBogotá :
_bEdiciones Dipón ,
_c2002
300 _a35 p.
_bil. :
_c22 cm
942 _2ddc
_cBK
945 _aInventariado, 2018 / BT
956 _adgarcia
999 _c12441
_d12441